Представление документа в формате RUSMARC

Поле Инд. ПП Название Значение
Тип записи a
Библиографический уровень a
001 Контрольный номер cebf79656b274af394f31c174227cc4d
005 Дата корректировки 20240504120742.1
100 a Данные общей обработки 20210316 ||| 0rusy0189 ca
101 0_ a Язык текста rus
102 a Страна публикации RU
200 1_ a Заглавие Борьба провинциального дворянства России за судебные права в XVII веке
203 a Вид содержания Текст : электронный
300 a Общие примечания Чтение статьи доступно в Источнике
336 a Примечание о виде электронного ресурса PDF
461 _0 1 2000
a Российское правосудие
463 _0 1 2000
a № 9
b Текст
v С. 85-90
1 2101
d 2012
1 0017c36da9fe6b2438e994a7e2dd1a9c79f
606 a Основная рубрика Право. Юридические науки
x Основная подрубрика История государства и права
x Основная подрубрика История права России
700 _1 a Фамилия Лаптева
b Имя Т.А.
801 _1 a Страна RU
b Организация РГУП
c Дата составления 20210316
g Правила каталогизации PSBO
901 t Тип документа b
w Контрольный № источника 7c36da9fe6b2438e994a7e2dd1a9c79f
905 a Дата ввода 20210316